Zrkadielko, zrkadlo Na margo prvej premiéry Romathanu

Bibliographic Details
Main Author: Hybáčková, Beáta (Author)
Format: Article
Language:Slovak
Subjects:

MARC

LEADER 00000nab a2200000 a 4500
001 vtls000918310
003 SK-MaSNL
005 20260303195248.0
008 040720e19930104xo 0 slo
035 |a KE27187 
040 |a KEVKJB  |b slo  |c KEVKJB  |e AACR2 
041 0 |a slo 
044 |a xo  |c SK 
080 |a 792(=914.99)  |2 1981 
080 |a 7.097  |2 1981 
100 1 |a Hybáčková, Beáta  |4 aut  |9 422286 
245 1 0 |a Zrkadielko, zrkadlo  |b Na margo prvej premiéry Romathanu 
600 1 7 |a Šilan, Ján,  |d 1929-2011  |2 KEVKJB  |9 157557 
600 1 7 |a Hivešová-Šilanová, Daniela,  |d 1952-2008  |t Miesto pre Rómov  |2 snkbucl  |9 57489 
610 2 7 |a Divadlo Romathan  |2 KEVKJB  |9 29566 
650 0 7 |a rómske divadlo  |2 snkbucl  |9 1228227 
773 0 8 |t Košický večer  |g Roč. 4  |g Roč. 28, č.1, 4.1.1993, s. 5 
852 |a ZVYKNI  |b KIS3GCP 
999 |c 2161673  |d 2163603